| 000 | 00824cab a2200289 4500 | ||
|---|---|---|---|
| 001 | ABS50348 | ||
| 008 | 090401t1994 xxu||||| |||| 00| 0 eng d | ||
| 035 | _a(Sirsi) u75389 | ||
| 041 | _aeng | ||
| 100 | _aDavidson, N. | ||
| 245 | _aQuantity surveying offshore - the need for change | ||
| 260 | _c1994 | ||
| 350 | _a0 | ||
| 490 |
_aCSM (Chartered Surveyor Monthly) _v3(6) March 1994, 22-24(3) |
||
| 520 | _aDiscusses opportunities for quantity surveyors in the North Sea offshore industry. | ||
| 650 | _aALLIANCING | ||
| 650 | _aCIVIL ENGINEERING | ||
| 650 | _aNORTH SEA | ||
| 650 | _aOFFSHORE INDUSTRY | ||
| 650 | _aOIL AND GAS INDUSTRY | ||
| 650 | _aOIL INDUSTRY | ||
| 650 | _aPARTNERING | ||
| 650 | _aQUANTITY SURVEYORS | ||
| 690 |
_aQuantity surveying _96263 |
||
| 942 | _n0 | ||
| 948 | _c04/03/1997 | ||
| 999 |
_c47476 _d47476 |
||